000 00532nam a22001577a 4500
005 20251108164027.0
008 250721s1979 xx 000 0 ara d
082 1 4 _a210/بكر
100 1 _aالجزائري، أبو بكر جابر
245 1 0 _aمنهاج المسلم :
_bكتاب عقائد و آداب و أخلاق و عبادات و معاملات /
264 1 _aالقاهرة :
_bمكتبة الكليات الأزهرية،
_c1979.
300 _a595 ص
650 1 7 _aالإسلام
942 _2ddc
_cBK
999 _c1793
_d1793